Французско-русский, русско-французский словарь с использованием грамматики: слова и их грамматические формы

Dettagli Bibliografici
Autore principale: Милорадович Ж. М. Живан М.
Altri autori: Станисавлевич Б. Бранки (редактор)
Riassunto:Настоящий французско-русский, русско-французский словарь с использованием грамматики представляет собой уникальное издание. Лексический фонд, словарный состав и оригинальная система построения словаря дают возможность перевести любой текст средней трудности с французского языка на русский и с русского на французский. С помощью настоящего словаря иностранный язык изучается значительно быстрее и легче. Каждый может написать письмо на иностранном языке, даже совершенно не владея им. Система, по которой составлен словарь, была запатентована в 1977 году в Югославии, где было выпущено несколько аналогичных изданий. В России кроме данного словаря изданы также англо-русский, немецко-русский, испанско-русский и итальянско-русский словари с использованием грамматики по методике Ж. Милорадовича.
Lingua:francese
russo
Pubblicazione: Москва, Вече, 2007
Serie:Грамматические словари Милорадовича
Soggetti:
Natura: Libro
KOHA link:https://koha.lib.tpu.ru/cgi-bin/koha/opac-detail.pl?biblionumber=124699

MARC

LEADER 00000nam0a2200000 4500
001 124699
005 20231101215902.0
010 |a 9785953321181 
035 |a (RuTPU)RU\TPU\book\134952 
090 |a 124699 
100 |a 20071107d2007 km y0rusy50 ca 
101 0 |a fre  |a rus 
102 |a RU 
105 |a y e 001zy 
200 1 |a Французско-русский, русско-французский словарь с использованием грамматики: слова и их грамматические формы  |f Ж. М. Милорадович  |g под ред. Б. Станисавлевич 
210 |a Москва  |c Вече  |d 2007 
215 |a 752 с. 
225 1 |a Грамматические словари Милорадовича 
320 |a Литература: с. 740. 
330 |a Настоящий французско-русский, русско-французский словарь с использованием грамматики представляет собой уникальное издание. Лексический фонд, словарный состав и оригинальная система построения словаря дают возможность перевести любой текст средней трудности с французского языка на русский и с русского на французский. С помощью настоящего словаря иностранный язык изучается значительно быстрее и легче. Каждый может написать письмо на иностранном языке, даже совершенно не владея им. Система, по которой составлен словарь, была запатентована в 1977 году в Югославии, где было выпущено несколько аналогичных изданий. В России кроме данного словаря изданы также англо-русский, немецко-русский, испанско-русский и итальянско-русский словари с использованием грамматики по методике Ж. Милорадовича. 
606 1 |a Французский язык  |x Параллельные словари  |2 stltpush  |3 (RuTPU)RU\TPU\subj\16830  |9 42730 
610 1 |a лексика 
610 1 |a словари 
610 1 |a русский язык 
610 1 |a параллельные словари 
686 |a Ш147.11-48  |v LBC/SL-A  |2 rubbk 
700 1 |a Милорадович  |b Ж. М.  |g Живан М. 
702 1 |a Станисавлевич  |b Б.  |g Бранки  |4 340 
801 1 |a RU  |b 63413507  |c 20071107  |g PSBO 
801 2 |a RU  |b 63413507  |c 20161102  |g PSBO 
942 |c BK 
959 |a 78/20071106  |d 1  |e 127,82  |f ЧЗИЛ:1